Kpop Songs by the Alphabet (2025 songs vers.) - Statistics

General Stats
  • This quiz has been taken 266 times
  • The average score is 12 of 26
Answer Stats
Letter Group Song % Correct
G Cortis GO!
87%
E Jisoo Earthquake
78%
A Yeji Air
76%
D Aespa Dirty Work
72%
N illit Not Cute Anymore
72%
X Ive XOXZ
66%
C Stray Kids Ceremony
65%
Z Jennie Zen
65%
F Hearts2Hearts Focus
64%
Y Saja Boys Your Idol
64%
T Twice This Is For
62%
B Dayoung Body
53%
O TWS Overdrive
50%
Q Type "Nothing" Nothing
46%
J Cortis Joyride
45%
L Ateez Lemon Drop
43%
R ifeye r u ok ?
33%
I Zerobaseone Iconik
29%
U Txt Upside Down Kiss
28%
S Babymonster Supa Dupa Luv
25%
M All Day Project Medusa
23%
W Yves White Cat
23%
K XLOV Kiss and say goodbye
13%
P Doyoung (NCT) Promise
12%
H Twice Hi Hello
11%
V Hwang Min Woo Vroom
4%
No matching quizzes found
Score Distribution
Percent of People with Each Score
Percentile by Number Answered
Your Score History
You have not taken this quiz